| 000 | 01084nam a22002537a 4500 | ||
|---|---|---|---|
| 999 |
_c18975 _d18975 |
||
| 003 | AR-CdUCM | ||
| 008 | 190516b ||||| |||| 00| 0 spa d | ||
| 020 | _a968-816-054-7 | ||
| 040 |
_aMUNICIPALIDAD PROVINCIAL DEL CUSCO _cBIBLIOTECA MUNICIPAL DEL CUSCO |
||
| 082 |
_a974 / _bM32 |
||
| 100 |
_aMáyer, Edelmiro _939952 |
||
| 245 |
_aCampaña y guarnición : _bel ambiente republicano contra el imperio de Maximiliano / |
||
| 260 |
_aMéxico : _bComité Interno de Ediciones Gubernamentales, _c1985. |
||
| 300 |
_a128 páginas ; _bilustraciones, _c22 cm. |
||
| 440 |
_aColección Conciencia Cívica Nacional. _n17 _939953 |
||
| 505 | _aContenido: A. muerte -- El ratoncito -- Introducción de bebidas -- Las soldaderas -- Víctima del amor -- Un desafío original -- Ignacia Ruiz -- Alrededor del fogón ... | ||
| 650 |
_aMéxico _918 |
||
| 650 |
_aHistoria _9136 |
||
| 650 |
_aRevolución _9844 |
||
| 710 |
_aDepartamento del Distrito Federal - México. _939954 |
||
| 710 |
_aSecretaria General de Desarrollo Social. _934645 |
||
| 942 |
_2ddc _cLIBROS |
||
| 945 |
_aachl _d2019-05-16 |
||